LIBRARY & INFORMATION CENTRE, KCAET, TAVANUR

ONLINE PUBLIC ACCESS CATALOGUE (OPAC)

Electricity and magnetism / (Record no. 1839)

MARC details
000 -LEADER
fixed length control field 00428cam a2200181ua 4500
041 ## - LANGUAGE CODE
Language code of text/sound track or separate title eng
082 ## - DEWEY DECIMAL CLASSIFICATION NUMBER
Classification number 537
Item number NEW/EL
100 ## - MAIN ENTRY--AUTHOR NAME
Personal name Newton, J .
245 ## - TITLE STATEMENT
Title Electricity and magnetism /
250 ## - EDITION STATEMENT
Edition statement 1 /
260 ## - PUBLICATION, DISTRIBUTION, ETC. (IMPRINT)
Place of publication :
Name of publisher Sir Isaac Pitman & Sons Ltd ,
Year of publication 1956.
300 ## - PHYSICAL DESCRIPTION
Number of Pages 613 ; .
942 ## - ADDED ENTRY ELEMENTS (KOHA)
Koha item type Books
Holdings
Withdrawn status Lost status Damaged status Home library Current library Date acquired Full call number Accession Number Koha item type
      KAUAET KAUAET 07/04/2012 537 NEW/EL 6052 Books
free website counter